[Event "Weekend Accademia A Inverno"]
[Site "Roma ITA"]
[Date "2007.02.03"]
[Round "3"]
[White "Di Lascio, Savino"]
[Black "Foschini, Andrea"]
[Result "1-0"]
[WhiteElo "2041"]
[BlackElo "1926"]
[PlyCount "75"]
[EventDate "2007.02.02"]

1. Nf3 Nf6 2. g3 d5 3. Bg2 c5 4. d3 Nc6 5. O-O Bg4 6. Nbd2 Qd7 7. Re1 e5 8. e4
d4 9. Nc4 Bd6 10. a4 O-O 11. h3 Be6 12. Nxd6 Qxd6 13. Nh4 Ne7 14. f4 Ng6 15.
Nf5 Qd7 16. fxe5 Nxe5 17. g4 Ne8 18. Bf4 f6 19. Qd2 Nc7 20. Re2 a5 21. Rf1 Qxa4
22. Nxg7 Kxg7 23. Bxe5 fxe5 24. Qg5+ Kh8 25. Rxf8+ Rxf8 26. Qxe5+ Kg8 27. Qxc7
Qa1+ 28. Kh2 Qd1 29. Qe5 Qxe2 30. Qxe6+ Kh8 31. Qe5+ Kg8 32. Qg5+ Kh8 33. Qxc5
Rf1 34. Qxd4+ Kg8 35. Qd5+ Kf8 36. e5 Qxc2 37. Kg3 Qxg2+ 38. Qxg2 1-0

[Event "Weekend Accademia A Inverno"]
[Site "Roma ITA"]
[Date "2007.02.03"]
[Round "3"]
[White "Elia, Alessio"]
[Black "Vignato, Giovanni"]
[Result "0-1"]
[WhiteElo "1713"]
[BlackElo "2071"]
[PlyCount "57"]
[EventDate "2007.02.02"]

1. d4 f5 2. g3 Nf6 3. Bg2 g6 4. Nh3 Bg7 5. c3 d6 6. O-O e5 7. dxe5 dxe5 8.
Qxd8+ Kxd8 9. Rd1+ Ke7 10. Be3 h6 11. Bc5+ Kf7 12. Na3 c6 13. Nc4 Ne8 14. Rd2
Be6 15. Nd6+ Nxd6 16. Bxd6 Nd7 17. e4 Nb6 18. b3 Rad8 19. f3 Rd7 20. Rad1 Rhd8
21. c4 c5 22. f4 exf4 23. Bxf4 Bd4+ 24. Kf1 fxe4 25. Re1 Nxc4 26. Rc2 Na3 27.
Rce2 g5 28. Be3 Bxe3 29. Rxe3 0-1

[Event "Weekend Accademia A Inverno"]
[Site "Roma ITA"]
[Date "2007.02.03"]
[Round "3"]
[White "Gatta, Flavio"]
[Black "Prudenzano, Ruggero"]
[Result "1/2-1/2"]
[WhiteElo "1837"]
[BlackElo "1820"]
[PlyCount "113"]
[EventDate "2007.02.02"]

1. e4 c5 2. Nf3 d6 3. d4 cxd4 4. Nxd4 Nf6 5. Nc3 a6 6. Bc4 e6 7. Bb3 Nbd7 8.
O-O Nc5 9. Bg5 Be7 10. Qf3 O-O 11. Rfe1 Qc7 12. Qg3 Re8 13. h4 b5 14. a3 Bb7
15. Bxf6 Bxf6 16. Nf3 Bxc3 17. bxc3 Nxe4 18. Qf4 Qxc3 19. Rad1 d5 20. Ne5 Qc7
21. h5 f6 22. Ng6 Qxf4 23. Nxf4 Kf8 24. f3 Nc5 25. Ba2 Rad8 26. Bb1 e5 27. Nd3
Nxd3 28. cxd3 d4 29. Rd2 Rc8 30. Rde2 Rc3 31. f4 Rxa3 32. fxe5 Rxe5 33. Rxe5
fxe5 34. Rxe5 Ra1 35. Re1 Bd5 36. Kf2 Ba2 37. Bxa2 Rxa2+ 38. Kf3 b4 39. Ke4
Rxg2 40. Kxd4 Rg5 41. Kc4 Rxh5 42. Kxb4 Rd5 43. Kc4 Rd7 44. d4 Re7 45. Ra1 Ra7
46. Kc5 a5 47. d5 Ke7 48. d6+ Kd8 49. Rf1 Ke8 50. Re1+ Kd8 51. Kb6 Rf7 52. Kc6
Rf2 53. Ra1 Rc2+ 54. Kd5 h5 55. Rxa5 g5 56. Ke6 Re2+ 57. Kf6 1/2-1/2

[Event "Weekend Accademia A Inverno"]
[Site "Roma ITA"]
[Date "2007.02.03"]
[Round "3"]
[White "Lisi, Davide"]
[Black "Occhipinti, Massimo"]
[Result "1/2-1/2"]
[WhiteElo "1951"]
[BlackElo "2030"]
[PlyCount "67"]
[EventDate "2007.02.02"]

1. Nf3 Nf6 2. g3 g6 3. Bg2 Bg7 4. O-O O-O 5. d4 d6 6. c3 Nbd7 7. Nbd2 e5 8. e4
h6 9. dxe5 dxe5 10. Qc2 Qe7 11. h3 Nh5 12. Nc4 Re8 13. Ne3 c6 14. Ng4 Kh7 15.
Be3 Nf8 16. Rad1 g5 17. Nfh2 Ng6 18. b4 b6 19. Qc1 Be6 20. h4 Nhf4 21. gxf4
gxf4 22. h5 Nh4 23. Bd2 Qg5 24. f3 Qxh5 25. Be1 Nxg2 26. Kxg2 Qg6 27. Kh1 h5
28. Nf2 Bxa2 29. Rg1 Qe6 30. Rd2 Rad8 31. Qb2 Bc4 32. Nd1 Bf6 33. Rxd8 Rxd8 34.
Qg2 1/2-1/2

[Event "Weekend Accademia A Inverno"]
[Site "Roma ITA"]
[Date "2007.02.03"]
[Round "3"]
[White "Maddaloni, Giovanni"]
[Black "Proietti, Giorgio"]
[Result "0-1"]
[WhiteElo "1819"]
[BlackElo "1881"]
[PlyCount "94"]
[EventDate "2007.02.02"]

1. e4 e6 2. d4 d5 3. e5 c5 4. c3 Nc6 5. Nf3 Qb6 6. Bd3 Bd7 7. O-O cxd4 8. cxd4
Nxd4 9. Nbd2 Nxf3+ 10. Nxf3 Bc5 11. Bg5 Ne7 12. b4 Qxb4 13. Rb1 Qa4 14. Rxb7
Qxd1 15. Rxd1 Bb6 16. a4 h6 17. Bxe7 Kxe7 18. Bb5 Rhd8 19. Rc1 Ke8 20. Kf1
Bxb5+ 21. axb5 Rac8 22. Rc6 Rxc6 23. bxc6 Rc8 24. c7 Rxc7 25. Rb8+ Ke7 26. Rg8
g6 27. Rh8 Rc1+ 28. Ke2 Rc2+ 29. Kd3 Rxf2 30. Rxh6 Rxg2 31. Rh7 Kf8 32. Rh8+
Kg7 33. Rb8 Bg1 34. Rb7 Bxh2 35. Rxa7 Rg3 36. Ke2 Rxf3 37. Kxf3 Bxe5 38. Rd7 g5
39. Kg4 Kg6 40. Rd8 f5+ 41. Kf3 g4+ 42. Kg2 f4 43. Re8 Kf5 44. Rf8+ Bf6 45. Rf7
d4 46. Kf2 d3 47. Rd7 Ke4 0-1

[Event "Weekend Accademia A Inverno"]
[Site "Roma ITA"]
[Date "2007.02.03"]
[Round "3"]
[White "Ruotolo, Claudio"]
[Black "Iacoacci, Giancarlo"]
[Result "1/2-1/2"]
[WhiteElo "1837"]
[BlackElo "1796"]
[PlyCount "118"]
[EventDate "2007.02.02"]

1. c4 e6 2. g3 d5 3. Bg2 c6 4. b3 Nf6 5. Nf3 Nbd7 6. Bb2 Qb6 7. Qc2 Be7 8. O-O
h6 9. d3 O-O 10. Nbd2 Re8 11. e3 Bf8 12. d4 Qc7 13. c5 b5 14. b4 a5 15. a4 bxa4
16. Qxa4 Ba6 17. Rfc1 Bb5 18. Qa3 a4 19. Bf1 Reb8 20. Bxb5 cxb5 21. Qd3 g6 22.
e4 dxe4 23. Nxe4 Nd5 24. Ba3 f5 25. Nc3 Nxc3 26. Qxc3 Bg7 27. Qe3 Re8 28. Ra2
Nf6 29. Qe5 Qc6 30. Qe3 Nd5 31. Ne5 Nxe3 32. Nxc6 Nc4 33. f4 Rac8 34. Ne5 Red8
35. Nxc4 Bxd4+ 36. Kg2 bxc4 37. Rxc4 g5 38. Rd2 Bf6 39. Rxd8+ Rxd8 40. Rc2 Rd3
41. c6 Bd8 42. Bb2 Rb3 43. Bf6 a3 44. Bxd8 Rb2 45. Rxb2 axb2 46. c7 b1=Q 47.
c8=Q Qb2+ 48. Kf1 Qb1+ 49. Ke2 Qb2+ 50. Kd3 Qb1+ 51. Qc2 Qxb4 52. Bf6 Qd6+ 53.
Ke2 gxf4 54. Qc8+ Kf7 55. Qd8 Qxd8 56. Bxd8 fxg3 57. hxg3 e5 58. Bc7 Ke6 59.
Kf3 h5 1/2-1/2

[Event "Weekend Accademia A Inverno"]
[Site "Roma ITA"]
[Date "2007.02.03"]
[Round "3"]
[White "Sautto, Daniele"]
[Black "Quimi, Marco"]
[Result "1/2-1/2"]
[WhiteElo "2157"]
[BlackElo "2289"]
[PlyCount "120"]
[EventDate "2007.02.02"]

1. e4 c5 2. c3 e5 3. d4 Nc6 4. dxe5 Nxe5 5. f4 Ng6 6. Nf3 d6 7. Bb5+ Bd7 8.
Bxd7+ Qxd7 9. O-O Nf6 10. Qd3 Be7 11. c4 O-O 12. Nc3 Qc6 13. Bd2 Rfe8 14. Rae1
a6 15. a4 Bf8 16. f5 Ne7 17. Bg5 Nd7 18. Rd1 f6 19. Be3 Ne5 20. Nxe5 dxe5 21.
Qd7 Qxd7 22. Rxd7 Nc6 23. Nd5 Rad8 24. Rxd8 Rxd8 25. Kf2 Na5 26. Rc1 Kf7 27.
Ke2 g6 28. Rf1 gxf5 29. Rxf5 Bg7 30. Kd3 Nb3 31. g4 h6 32. h4 Kg6 33. h5+ Kf7
34. Bxh6 Rxd5+ 35. cxd5 Bxh6 36. Kc4 Nd4 37. Rf1 Bf8 38. g5 b5+ 39. axb5 axb5+
40. Kc3 Ne2+ 41. Kc2 Nf4 42. gxf6 Kxf6 43. Ra1 Nxh5 44. Ra5 Ng3 45. Kd3 c4+ 46.
Ke3 b4 47. Ra6+ Kf7 48. Rc6 Ke7 49. Rxc4 Kd7 50. Kf3 Nh5 51. Ke2 Bd6 52. Ke3
Be7 53. Ke2 Nf4+ 54. Ke3 Nh5 55. Kd3 Nf6 56. Rc6 Bd6 57. Rc1 Ke7 58. Rh1 Ke8
59. Kc4 Be7 60. Kd3 Kd7 1/2-1/2

[Event "Weekend Accademia A Inverno"]
[Site "Roma ITA"]
[Date "2007.02.03"]
[Round "3"]
[White "Taglialatela, Massimiliano"]
[Black "Failli, Riccardo"]
[Result "1-0"]
[WhiteElo "2011"]
[BlackElo "1943"]
[PlyCount "87"]
[EventDate "2007.02.02"]

1. e4 e5 2. Nf3 Nc6 3. Bb5 f5 4. d3 fxe4 5. dxe4 Nf6 6. O-O Bc5 7. Bg5 d6 8.
Nc3 O-O 9. Nd5 Kh8 10. Bc4 Bg4 11. c3 Ne7 12. Nxf6 gxf6 13. Bh6 Re8 14. Bf7 Rf8
15. Bxf8 Qxf8 16. Bc4 Qh6 17. Nxe5 fxe5 18. Qxg4 Rf8 19. Rad1 Ng6 20. Rd3 Nf4
21. Rg3 Ng6 22. Qg5 Qg7 23. h4 Qe7 24. Qxe7 Nxe7 25. h5 Rf4 26. Rf3 Rxf3 27.
gxf3 Kg7 28. Kg2 c6 29. a4 a5 30. f4 exf4 31. Kf3 d5 32. exd5 cxd5 33. Bd3 Bd6
34. Rc1 Nc6 35. h6+ Kf6 36. Bxh7 Ne5+ 37. Kg2 f3+ 38. Kh3 Kg5 39. Rd1 Kxh6 40.
Rxd5 Nf7 41. Bg8 Ng5+ 42. Kg4 Be7 43. Rxa5 Kg6 44. Bd5 1-0

[Event "Weekend Accademia A Inverno"]
[Site "Roma ITA"]
[Date "2007.02.03"]
[Round "3"]
[White "Tomescu, Vlad"]
[Black "Tosoni, Augusto"]
[Result "1/2-1/2"]
[WhiteElo "2415"]
[BlackElo "2235"]
[PlyCount "20"]
[EventDate "2007.02.02"]

1. e4 c5 2. Nf3 d6 3. d4 cxd4 4. Nxd4 Nf6 5. Nc3 g6 6. Be3 Bg7 7. f3 Nc6 8. Qd2
O-O 9. g4 Be6 10. h4 d5 1/2-1/2

[Event "Weekend Accademia A Inverno"]
[Site "Roma ITA"]
[Date "2007.02.04"]
[Round "4"]
[White "Bove, Alessandro"]
[Black "Tomescu, Vlad"]
[Result "0-1"]
[WhiteElo "2087"]
[BlackElo "2415"]
[PlyCount "42"]
[EventDate "2007.02.02"]

1. c4 Nf6 2. Nc3 d5 3. d4 e6 4. Nf3 c6 5. e3 Nbd7 6. Qc2 Be7 7. e4 Nxe4 8. Nxe4
dxe4 9. Qxe4 c5 10. dxc5 Nxc5 11. Qc2 Bd7 12. Ne5 Ba4 13. Qe2 h6 14. Bd2 Qc7
15. f4 O-O-O 16. b3 Bc6 17. O-O-O Ne4 18. Qe3 Nxd2 19. Nxc6 Nxf1 20. Nxa7+ Kb8
21. Rhxf1 Qa5 0-1

[Event "Weekend Accademia A Inverno"]
[Site "Roma ITA"]
[Date "2007.02.04"]
[Round "4"]
[White "Carola, Paolo"]
[Black "Giorni, Moreno"]
[Result "1/2-1/2"]
[WhiteElo "1962"]
[BlackElo "1946"]
[PlyCount "27"]
[EventDate "2007.02.02"]

1. e4 c6 2. Nc3 d5 3. Qf3 Nf6 4. d4 dxe4 5. Nxe4 Nxe4 6. Qxe4 Nd7 7. Nf3 Nf6 8.
Qh4 Bf5 9. c3 e6 10. Bc4 Be7 11. Bg5 O-O 12. O-O h6 13. Bxf6 Bxf6 14. Qf4
1/2-1/2

[Event "Weekend Accademia A Inverno"]
[Site "Roma ITA"]
[Date "2007.02.04"]
[Round "4"]
[White "De Carolis, Massimo"]
[Black "Barth, Norbert"]
[Result "0-1"]
[WhiteElo "2015"]
[BlackElo "2259"]
[PlyCount "122"]
[EventDate "2007.02.02"]

1. d4 Nf6 2. Nf3 e6 3. c4 Bb4+ 4. Bd2 Qe7 5. Qc2 Nc6 6. Nc3 d6 7. e4 O-O 8. a3
Bxc3 9. Bxc3 a5 10. b3 e5 11. d5 Nb8 12. Be2 Nbd7 13. O-O Nc5 14. Nd2 Bd7 15.
f4 Ng4 16. Bxg4 Bxg4 17. Rae1 f6 18. f5 Bh5 19. h3 c6 20. Kh2 Rfc8 21. g4 Be8
22. Rg1 b5 23. Re2 cxd5 24. exd5 a4 25. b4 Nb3 26. Re4 Nxd2 27. Bxd2 g5 28. Qd3
Qb7 29. Rc1 Bf7 30. cxb5 Qxd5 31. Qxd5 Bxd5 32. Ree1 Rcb8 33. Rc7 Rxb5 34. Rec1
Rb7 35. Be3 Rxc7 36. Rxc7 Rd8 37. b5 Rb8 38. b6 Rb7 39. Rc8+ Kg7 40. Ra8 Rxb6
41. Bxb6 Bxa8 42. Kg3 Be4 43. Kf2 d5 44. Ba5 h5 45. Bd8 Kf7 46. Kg3 d4 47. Kf2
Bb7 48. Bb6 Ke8 49. Bc5 Ba6 50. Bb6 Bd3 51. Bc5 Bc2 52. Ke1 Kd7 53. Bb4 Bb3 54.
Bc5 Bc4 55. Kf2 Bd3 56. Ke1 Bc2 57. Ke2 Bb3 58. Kf2 Bd1 59. Kg3 d3 60. Bb4 Kc6
61. Be7 Bxg4 0-1

[Event "Weekend Accademia A Inverno"]
[Site "Roma ITA"]
[Date "2007.02.04"]
[Round "4"]
[White "Failli, Riccardo"]
[Black "Ruotolo, Claudio"]
[Result "1-0"]
[WhiteElo "1943"]
[BlackElo "1837"]
[PlyCount "69"]
[EventDate "2007.02.02"]

1. e4 g6 2. d4 Bg7 3. f4 c6 4. Nf3 d5 5. e5 Nh6 6. Bd3 Bg4 7. h3 Bxf3 8. Qxf3
Qb6 9. c3 e6 10. O-O Nd7 11. g4 O-O-O 12. a4 a5 13. b4 f6 14. bxa5 Qxa5 15.
exf6 Bxf6 16. g5 Bxd4+ 17. cxd4 Qb6 18. Rf2 Nf7 19. a5 Qa7 20. a6 b6 21. Nc3
Rdf8 22. Qe2 Nd8 23. Qa2 Kb8 24. Ba3 Re8 25. Bd6+ Ka8 26. Rff1 Nb8 27. Be5 Rhf8
28. Rfb1 Nd7 29. Bd6 Rf7 30. Ne4 Rg7 31. Qb3 Nf7 32. Ba3 Rb8 33. Rc1 c5 34. Bb5
cxd4 35. Bc6+ 1-0

[Event "Weekend Accademia A Inverno"]
[Site "Roma ITA"]
[Date "2007.02.04"]
[Round "4"]
[White "Foschini, Andrea"]
[Black "Elia, Alessio"]
[Result "0-1"]
[WhiteElo "1926"]
[BlackElo "1713"]
[PlyCount "28"]
[EventDate "2007.02.02"]

1. e4 d6 2. d4 Nf6 3. Nc3 g6 4. f4 Bg7 5. Nf3 O-O 6. Be2 Nc6 7. O-O e6 8. a3
Ne7 9. e5 dxe5 10. fxe5 Nfd5 11. Ne4 Nf5 12. c4 Nde3 13. Qe1 Nxf1 14. Kxf1 Nxd4
0-1

[Event "Weekend Accademia A Inverno"]
[Site "Roma ITA"]
[Date "2007.02.04"]
[Round "4"]
[White "Iacoacci, Giancarlo"]
[Black "Proietti, Giorgio"]
[Result "1/2-1/2"]
[WhiteElo "1796"]
[BlackElo "1881"]
[PlyCount "111"]
[EventDate "2007.02.02"]

1. d4 d5 2. Nf3 Nf6 3. Bf4 e6 4. e3 c5 5. c3 Nc6 6. Nbd2 Be7 7. Bd3 O-O 8. Ne5
cxd4 9. exd4 Qb6 10. Qc2 g6 11. O-O Nxe5 12. Bxe5 Ng4 13. Nf3 Bd7 14. h3 Nxe5
15. Nxe5 Bb5 16. Rab1 Bxd3 17. Qxd3 Qc7 18. Rfe1 Bf6 19. Ng4 Bg7 20. Qe3 Rfc8
21. g3 a5 22. a3 Qd7 23. h4 h5 24. Nh2 Kh7 25. Nf3 Bh6 26. Qe2 Qc7 27. Ne5 Bg7
28. Nd3 b6 29. Qf3 Qd7 30. Re2 Rf8 31. Rbe1 Rae8 32. Nf4 Qd8 33. Qd3 Kg8 34.
Kg2 Qf6 35. Nxd5 Qd8 36. Nf4 Qa8+ 37. Kg1 Qc6 38. d5 exd5 39. Qxd5 Qxd5 40.
Nxd5 Rxe2 41. Rxe2 Rb8 42. a4 Kf8 43. Kg2 b5 44. axb5 Rxb5 45. Re8+ Kxe8 46.
Nc7+ Kd7 47. Nxb5 Kc6 48. Na3 Kc5 49. Kf3 Bh6 50. b4+ axb4 51. cxb4+ Kxb4 52.
Nc2+ Kc5 53. Ke4 Kd6 54. Nd4 Bg7 55. f4 Bxd4 56. Kxd4 1/2-1/2

[Event "Weekend Accademia A Inverno"]
[Site "Roma ITA"]
[Date "2007.02.04"]
[Round "4"]
[White "Lattanzi, Domenico"]
[Black "Gatta, Flavio"]
[Result "0-1"]
[WhiteElo "1794"]
[BlackElo "1837"]
[PlyCount "90"]
[EventDate "2007.02.02"]

1. e4 c5 2. Nf3 e6 3. d4 cxd4 4. Nxd4 Nc6 5. Be3 a6 6. Be2 Nge7 7. O-O Nxd4 8.
Bxd4 Nc6 9. Nc3 b5 10. e5 Qc7 11. Bf3 Bb7 12. Re1 Be7 13. Be4 Rc8 14. Bxc6 Qxc6
15. Qg4 Kf8 16. f3 h5 17. Qg3 g5 18. Ne4 g4 19. Re2 Rg8 20. Rf1 Qc4 21. Rd2 h4
22. Qf4 g3 23. Nf6 gxh2+ 24. Kxh2 Bxf6 25. exf6 Rg6 26. Rfd1 d5 27. Qd6+ Kg8
28. b3 Qc7 29. Qxc7 Rxc7 30. b4 Rc8 31. Kh3 Kh7 32. Kxh4 Rh8 33. g4 Kg8+ 34.
Kg3 Rgh6 35. Rd3 Kh7 36. Rc3 Kg6 37. Kf4 Rc8 38. Rdd3 Rc4 39. Ke5 Rh8 40. Rxc4
dxc4 41. Re3 Rd8 42. c3 Kg5 43. f4+ Kxg4 44. a3 Rd5+ 45. Ke4 Rh5# 0-1

[Event "Weekend Accademia A Inverno"]
[Site "Roma ITA"]
[Date "2007.02.04"]
[Round "4"]
[White "Occhipinti, Massimo"]
[Black "Campomori, Bruno"]
[Result "0-1"]
[WhiteElo "2030"]
[BlackElo "2027"]
[PlyCount "66"]
[EventDate "2007.02.02"]

1. Nf3 Nf6 2. g3 Nc6 3. Bg2 e5 4. d3 h6 5. O-O Bc5 6. c3 Bb6 7. b4 d6 8. a3 O-O
9. e3 Ne7 10. d4 e4 11. Nfd2 d5 12. c4 c6 13. Nc3 Be6 14. Qe2 a6 15. f3 exf3
16. Bxf3 Qd7 17. Bb2 Rfe8 18. Na4 Ba7 19. Nc5 Bxc5 20. dxc5 Nh7 21. Qd3 Rad8
22. Qc3 f6 23. Rad1 Bh3 24. Rfe1 Ng5 25. Bh5 Rf8 26. e4 d4 27. Qd3 f5 28. exf5
Nxf5 29. Ne4 Ne6 30. Nf2 Ne3 31. Rxe3 dxe3 32. Qxe3 Qxd1+ 33. Bxd1 Rxd1+ 0-1

[Event "Weekend Accademia A Inverno"]
[Site "Roma ITA"]
[Date "2007.02.04"]
[Round "4"]
[White "Prudenzano, Ruggero"]
[Black "Castellano, Lorenzo"]
[Result "1/2-1/2"]
[WhiteElo "1820"]
[BlackElo "1886"]
[PlyCount "58"]
[EventDate "2007.02.02"]

1. d4 Nf6 2. c4 g6 3. Nc3 Bg7 4. e4 d6 5. f3 O-O 6. Bg5 h6 7. Be3 e5 8. d5 a5
9. Qd2 Kh7 10. Nge2 Na6 11. Nc1 c6 12. Na4 c5 13. Be2 Bd7 14. Nc3 Nc7 15. a4
Na6 16. Nd3 Nb4 17. O-O Ne8 18. Nxb4 axb4 19. Nb5 Bxb5 20. axb5 f5 21. b3 Nf6
22. Bd3 f4 23. Bf2 Ra5 24. Ra2 Qb6 25. Rfa1 Rfa8 26. g4 g5 27. h4 Kg6 28. h5+
Kf7 29. Kg2 Bf8 1/2-1/2

[Event "Weekend Accademia A Inverno"]
[Site "Roma ITA"]
[Date "2007.02.04"]
[Round "4"]
[White "Quimi, Marco"]
[Black "Parpinel, Marco"]
[Result "0-1"]
[WhiteElo "2289"]
[BlackElo "2097"]
[PlyCount "64"]
[EventDate "2007.02.02"]

1. e4 Nc6 2. d4 d5 3. e5 f6 4. f4 Bf5 5. Nf3 e6 6. c3 Be4 7. Be2 f5 8. Nbd2 Nh6
9. O-O Be7 10. Qb3 a6 11. Nxe4 fxe4 12. Ng5 Qd7 13. Qxb7 O-O 14. Qb3 Na5 15.
Qc2 c5 16. Bd2 cxd4 17. cxd4 Rfc8 18. Qd1 Nc6 19. Bc3 Nf5 20. Rf2 h6 21. g4
Nfxd4 22. Nh3 Nxe2+ 23. Qxe2 Bc5 24. Rd1 Qb7 25. g5 d4 26. Be1 Ne7 27. gxh6 d3
28. Qg4 Nf5 29. Ng5 e3 30. Nxe6 exf2+ 31. Bxf2 Bxf2+ 32. Kxf2 Qb6+ 0-1

[Event "Weekend Accademia A Inverno"]
[Site "Roma ITA"]
[Date "2007.02.04"]
[Round "4"]
[White "Taglialatela, Massimiliano"]
[Black "Di Lascio, Savino"]
[Result "1-0"]
[WhiteElo "2011"]
[BlackElo "2041"]
[PlyCount "97"]
[EventDate "2007.02.02"]

1. e4 c6 2. d4 d5 3. Nd2 dxe4 4. Nxe4 Nf6 5. Nxf6+ gxf6 6. Nf3 Bf5 7. g3 Qd5 8.
c3 h5 9. Bg2 Qe4+ 10. Be3 Bh6 11. Nh4 Qe6 12. Nxf5 Qxf5 13. Bxh6 Rxh6 14. h4
Qe6+ 15. Qe2 f5 16. Bf3 Nd7 17. Qxe6 Rxe6+ 18. Kd2 Nf6 19. Rae1 Rd6 20. Re5 e6
21. Rhe1 Kd7 22. Kd3 Kc7 23. Bd1 Rad8 24. Ke3 b6 25. b4 Nd7 26. Kf4 Nxe5 27.
Kxe5 c5 28. Bxh5 cxd4 29. cxd4 Rxd4 30. Bxf7 Rxb4 31. Bxe6 Rb5+ 32. Kf6 Rc5 33.
h5 Rh8 34. Bf7 Rc6+ 35. Re6 Rc2 36. Re7+ Kd6 37. Rxa7 Rxf2 38. Kg7 Rxh5 39.
Bxh5 Rg2 40. Ra3 f4 41. g4 Ke5 42. Kh6 Rg3 43. Ra8 Rc3 44. g5 Rc6+ 45. g6 Rf6
46. Bf3 Kf5 47. Bh5 Ke6 48. Bg4+ Ke7 49. Kg5 1-0

[Event "Weekend Accademia A Inverno"]
[Site "Roma ITA"]
[Date "2007.02.04"]
[Round "4"]
[White "Verrascina, Nicola"]
[Black "Buratti, Marco"]
[Result "0-1"]
[WhiteElo "1993"]
[BlackElo "2073"]
[PlyCount "40"]
[EventDate "2007.02.02"]

1. e4 e5 2. f4 exf4 3. Nf3 d6 4. d4 g5 5. h4 g4 6. Ng1 Nf6 7. Nc3 Nh5 8. Bc4
Be7 9. Nge2 Bxh4+ 10. Kf1 Nc6 11. Qd3 Qf6 12. e5 dxe5 13. dxe5 Nxe5 14. Qe4 Bf5
15. Qxb7 O-O 16. Bb3 Rab8 17. Qxc7 f3 18. gxf3 Nxf3 19. Bxf7+ Rxf7 20. Qxb8+
Rf8 0-1

[Event "Weekend Accademia A Inverno"]
[Site "Roma ITA"]
[Date "2007.02.04"]
[Round "4"]
[White "Vignato, Giovanni"]
[Black "Casale, Anania"]
[Result "1/2-1/2"]
[WhiteElo "2071"]
[BlackElo "1724"]
[PlyCount "34"]
[EventDate "2007.02.02"]

1. e4 c5 2. c3 d5 3. exd5 Qxd5 4. d4 Nf6 5. Nf3 e6 6. Be2 Be7 7. Be3 O-O 8.
dxc5 Qxd1+ 9. Bxd1 Nc6 10. h3 a5 11. Nbd2 e5 12. Nc4 Nd5 13. Nb6 Nxe3 14. Nxa8
Nxg2+ 15. Kf1 Nf4 16. Ng1 Bxc5 17. Nc7 Bf5 1/2-1/2

[Event "Weekend Accademia A Inverno"]
[Site "Roma ITA"]
[Date "2007.02.04"]
[Round "5"]
[White "Barth, Norbert"]
[Black "Taglialatela, Massimiliano"]
[Result "1-0"]
[WhiteElo "2259"]
[BlackElo "2011"]
[PlyCount "73"]
[EventDate "2007.02.02"]

1. e4 c6 2. d4 d5 3. exd5 cxd5 4. c4 e6 5. Nc3 Nf6 6. Nf3 Bb4 7. cxd5 Nxd5 8.
Bd2 O-O 9. Bd3 Be7 10. O-O Nc6 11. Qe2 Ndb4 12. Bb1 Nxd4 13. Nxd4 Qxd4 14. Rd1
Nd5 15. Nxd5 Qxd5 16. Bb4 Qg5 17. Bd2 Qc5 18. Bc3 Bg5 19. Qg4 Re8 20. Bb4 Qe5
21. Bc2 Qf4 22. Qxf4 Bxf4 23. Ba4 b5 24. Bxb5 Bb7 25. Bxe8 Rxe8 26. Rd7 Rb8 27.
Bd6 Bxd6 28. Rxd6 Bd5 29. Rd7 Rxb2 30. Rxa7 g5 31. a4 h5 32. a5 g4 33. a6 h4
34. Rd7 Rb8 35. a7 Ra8 36. Rb1 Kg7 37. Rb8 1-0

[Event "Weekend Accademia A Inverno"]
[Site "Roma ITA"]
[Date "2007.02.04"]
[Round "5"]
[White "Buratti, Marco"]
[Black "Tosoni, Augusto"]
[Result "0-1"]
[WhiteElo "2073"]
[BlackElo "2235"]
[PlyCount "74"]
[EventDate "2007.02.02"]

1. e4 c5 2. Nc3 Nc6 3. Bc4 e6 4. d3 d6 5. Nge2 Nf6 6. O-O Be7 7. Ng3 O-O 8. f4
d5 9. Bb3 Nd4 10. e5 Nd7 11. Nce2 Nc6 12. Kh1 f6 13. exf6 Nxf6 14. Ng1 Kh8 15.
Nf3 Bd7 16. c3 Qc7 17. d4 Rac8 18. Ne5 cxd4 19. cxd4 Nxe5 20. dxe5 Ne4 21. Nxe4
dxe4 22. Be3 b6 23. Rc1 Qb7 24. Qg4 Rxc1 25. Rxc1 Rc8 26. Rd1 Qc6 27. Rxd7 Qxd7
28. h4 Rf8 29. Qxe6 Qxe6 30. Bxe6 Bxh4 31. Kh2 Rd8 32. Bc4 Be1 33. Kg1 g5 34.
e6 Kg7 35. f5 Kf6 36. e7 Re8 37. Bd4+ Kxf5 0-1

[Event "Weekend Accademia A Inverno"]
[Site "Roma ITA"]
[Date "2007.02.04"]
[Round "5"]
[White "Campomori, Bruno"]
[Black "Vignato, Giovanni"]
[Result "1-0"]
[WhiteElo "2027"]
[BlackElo "2071"]
[PlyCount "27"]
[EventDate "2007.02.02"]

1. e4 c6 2. d4 d5 3. Nc3 Nf6 4. e5 Nfd7 5. Nce2 e6 6. Nf3 c5 7. c3 Nc6 8. a3 f6
9. Nf4 fxe5 10. Nxe6 Qb6 11. dxe5 Ndxe5 12. Qxd5 Nxf3+ 13. gxf3 Nb4 14. Bb5+
1-0

[Event "Weekend Accademia A Inverno"]
[Site "Roma ITA"]
[Date "2007.02.04"]
[Round "5"]
[White "Casale, Anania"]
[Black "Carola, Paolo"]
[Result "0-1"]
[WhiteElo "1724"]
[BlackElo "1962"]
[PlyCount "85"]
[EventDate "2007.02.02"]

1. d4 d5 2. c4 c6 3. Nc3 dxc4 4. e3 b5 5. a4 b4 6. Na2 e6 7. Bxc4 Nf6 8. Nf3
Be7 9. O-O O-O 10. Bd2 a5 11. Qc2 Bb7 12. Nc1 c5 13. dxc5 Na6 14. Bxa6 Rxa6 15.
Nb3 Qd5 16. Rfd1 Qh5 17. Nfd4 Rc8 18. f3 Bxc5 19. Nxc5 Rxc5 20. Qd3 Ra8 21. Qe2
Ba6 22. Nb5 Qe5 23. Bxb4 axb4 24. Rd6 Qxd6 25. Rd1 Qb6 26. Nc7 Qxc7 27. Qxa6
Rc1 28. Qd3 Rxd1+ 29. Qxd1 Nd5 30. Qd2 h6 31. e4 Qc5+ 32. Kf1 Ne3+ 33. Ke1
Nxg2+ 34. Kf1 Ne3+ 35. Ke1 Qd4 36. Kf2 Nc2+ 37. Kf1 Qc4+ 38. Kg2 Nd4 39. a5 e5
40. f4 b3 41. Kg3 Qc2 42. Qb4 exf4+ 43. Kxf4 0-1

[Event "Weekend Accademia A Inverno"]
[Site "Roma ITA"]
[Date "2007.02.04"]
[Round "5"]
[White "Castellano, Lorenzo"]
[Black "Lattanzi, Domenico"]
[Result "0-1"]
[WhiteElo "1886"]
[BlackElo "1794"]
[PlyCount "59"]
[EventDate "2007.02.02"]

1. e4 c5 2. Nc3 d6 3. Bb5+ Bd7 4. Bxd7+ Qxd7 5. f4 b5 6. Nf3 e6 7. O-O b4 8.
Ne2 Nf6 9. Ng3 g6 10. d3 Bg7 11. f5 O-O 12. fxg6 hxg6 13. e5 dxe5 14. Qe1 Nc6
15. Kh1 Qd6 16. Ne4 Nxe4 17. Qxe4 Nd4 18. Qh4 Nf5 19. Qh3 f6 20. Nh4 Kf7 21.
Nxf5 exf5 22. Be3 Rh8 23. Qf3 Rab8 24. h3 Bh6 25. Bg1 Bf4 26. Rae1 g5 27. g3
Rxh3+ 28. Kg2 Rxg3+ 29. Qxg3 Bxg3 30. Kxg3 0-1

[Event "Weekend Accademia A Inverno"]
[Site "Roma ITA"]
[Date "2007.02.04"]
[Round "5"]
[White "De Carolis, Massimo"]
[Black "Maddaloni, Giovanni"]
[Result "0-1"]
[WhiteElo "2015"]
[BlackElo "1819"]
[PlyCount "58"]
[EventDate "2007.02.02"]

1. d4 Nc6 2. Nf3 d5 3. Bf4 Nf6 4. Nbd2 e6 5. c3 Bd6 6. e3 h6 7. Bd3 O-O 8. O-O
Bd7 9. Bb1 Ne8 10. Qc2 f5 11. h3 Nf6 12. Ne5 Be8 13. Qd3 Bxe5 14. dxe5 Ne4 15.
Nf3 a6 16. Bc2 Qe7 17. Nd4 Nxd4 18. exd4 Bb5 19. Qe3 Bxf1 20. Rxf1 g5 21. Bh2
f4 22. Qe2 c5 23. Bxe4 dxe4 24. Qxe4 Rf5 25. d5 Qg7 26. Re1 Raf8 27. d6 g4 28.
h4 g3 29. fxg3 fxg3 0-1

[Event "Weekend Accademia A Inverno"]
[Site "Roma ITA"]
[Date "2007.02.04"]
[Round "5"]
[White "Di Lascio, Savino"]
[Black "Failli, Riccardo"]
[Result "1-0"]
[WhiteElo "2041"]
[BlackElo "1943"]
[PlyCount "47"]
[EventDate "2007.02.02"]

1. Nf3 f5 2. g3 Nf6 3. Bg2 d6 4. d3 g6 5. c3 Bg7 6. O-O e5 7. Bg5 h6 8. Bxf6
Qxf6 9. Nbd2 Nc6 10. e4 f4 11. Qb3 Rb8 12. d4 exd4 13. e5 dxe5 14. cxd4 exd4
15. Rfe1+ Kd8 16. Ne4 Qe6 17. Qd3 Qf7 18. Rac1 Bg4 19. Rxc6 Bxf3 20. Bxf3 bxc6
21. Nc5 Re8 22. Rd1 fxg3 23. fxg3 Re3 24. Qxe3 1-0